Health and Health Care (Record no. 503)

000 -LEADER
fixed length control field 01204nam a22003617a 4500
003 - CONTROL NUMBER IDENTIFIER
control field OSt
005 - DATE AND TIME OF LATEST TRANSACTION
control field 20210420065121.0
008 - FIXED-LENGTH DATA ELEMENTS--GENERAL INFORMATION
fixed length control field 201127s2005 ||||| |||| 00| 0 eng d
040 ## - CATALOGING SOURCE
Original cataloging agency eng
Language of cataloging eng
Transcribing agency DLC
041 ## - LANGUAGE CODE
Language code of text/sound track or separate title eng
080 ## - UNIVERSAL DECIMAL CLASSIFICATION NUMBER
Universal Decimal Classification number 614
Item number H-43
100 ## - MAIN ENTRY--PERSONAL NAME
9 (RLIN) 415
Personal name Imnadze, P
245 ## - TITLE STATEMENT
Title Health and Health Care
Statement of responsibility, etc. / by: National Centre for Disease Control and Medical Statistics after L. Sakvarelidze / Ministry of Labour, Health and Social Affairs of Georgia
260 ## - PUBLICATION, DISTRIBUTION, ETC.
Place of publication, distribution, etc. Tbilisi
Name of publisher, distributor, etc. Ministry of Labour, Health and Social Affairs of Georgia
Date of publication, distribution, etc. 2005
300 ## - PHYSICAL DESCRIPTION
Extent 146 p.
Other physical details ill.
650 #0 - SUBJECT ADDED ENTRY--TOPICAL TERM
9 (RLIN) 337
Topical term or geographic name entry element Public Health
650 #0 - SUBJECT ADDED ENTRY--TOPICAL TERM
9 (RLIN) 268
Topical term or geographic name entry element Statistics
653 ## - INDEX TERM--UNCONTROLLED
Uncontrolled term საზოგადოებრივი ჯანდაცვა
653 ## - INDEX TERM--UNCONTROLLED
Uncontrolled term სტატისტიკა
700 ## - ADDED ENTRY--PERSONAL NAME
9 (RLIN) 416
Personal name Tsintsadze, M
700 ## - ADDED ENTRY--PERSONAL NAME
9 (RLIN) 417
Personal name Shakhnazarova, M.
700 ## - ADDED ENTRY--PERSONAL NAME
9 (RLIN) 418
Personal name Kereselidze, M
700 ## - ADDED ENTRY--PERSONAL NAME
9 (RLIN) 419
Personal name Kocharova, I.
700 ## - ADDED ENTRY--PERSONAL NAME
9 (RLIN) 420
Personal name Danelia, T.
700 ## - ADDED ENTRY--PERSONAL NAME
9 (RLIN) 421
Personal name Baidoshvili, L
700 ## - ADDED ENTRY--PERSONAL NAME
9 (RLIN) 422
Personal name Tsanava, S
700 ## - ADDED ENTRY--PERSONAL NAME
9 (RLIN) 423
Personal name Babunashvili, D
700 ## - ADDED ENTRY--PERSONAL NAME
9 (RLIN) 424
Personal name Khuchua, L
700 ## - ADDED ENTRY--PERSONAL NAME
9 (RLIN) 425
Personal name Shakhbudagian, S.
700 ## - ADDED ENTRY--PERSONAL NAME
9 (RLIN) 426
Personal name Khmaladze, N
700 ## - ADDED ENTRY--PERSONAL NAME
9 (RLIN) 428
Personal name Kindzadze, L
942 ## - ADDED ENTRY ELEMENTS (KOHA)
Source of classification or shelving scheme
Koha item type Books
Holdings
Withdrawn status Lost status Source of classification or shelving scheme Damaged status Not for loan Permanent location Current location Date acquired Inventory number Total Checkouts Full call number Barcode Date last seen Price effective from Koha item type
          Ken Walker International University Ken Walker International University 11/27/2020 873   614 H-43 873 11/27/2020 11/27/2020 Books

Powered by Koha